| 000 | 00484nam a22001817a 4500 | ||
|---|---|---|---|
| 003 | CEME | ||
| 005 | 20210628203656.0 | ||
| 008 | 210318b xxu||||| |||| 00| 0 eng d | ||
| 020 | _a0-471-59839-9 | ||
| 040 | _c. | ||
| 082 | _a005.3 MAR | ||
| 100 |
_aMarmel , Elaine.J _966738 |
||
| 245 | _a1-2-3 release 4 for windows solutions | ||
| 260 |
_aNEWYORK _bJOHN WILEY _c1995 |
||
| 300 | _aVIII,604P | ||
| 650 |
_aWINDOWS SOLUTIONS.TROUBLESHOOTING GUIDE. _966799 |
||
| 942 |
_cBK _2ddc |
||
| 999 |
_c574699 _d574699 |
||